[Event "Junior Online 4NCL Division 5"]
[Site "online"]
[Date "2021.03.04"]
[EventDate "2021.03.04"]
[Round "4.318"]
[White "Caesar, Amelie"]
[WhiteElo "653"]
[WhiteTeam "Young Dragons D"]
[Black "Simon, Logan"]
[BlackElo "900"]
[BlackTeam "Ojays H"]
[Result "1-0"]
[PlyCount "41"]

1. e4 d5 2. Nc3 dxe4 3. Nxe4 Bg4 4. Qxg4 f5 5. Qe2 fxe4 6. Qxe4 Nf6 7. Qe2 Nbd7 8. Qd1 Ne5 9. Nf3 Nxf3+ 10. Qxf3 Qd5 11. Qd1 O-O-O 12. Be2 Qxg2 13. Bf3 Rd7 14. Bxg2 Rxd2 15. Bxd2 h5 16. O-O Rh6 17. Bxh6 gxh6 18. Bh3+ e6 19. Bxe6+ Nd7 20. Qxd7+ Kb8 21. Qd8# 1-0

[Event "Junior Online 4NCL Division 5"]
[Site "online"]
[Date "2021.03.04"]
[EventDate "2021.03.04"]
[Round "4.322"]
[White "Edinburgh, Christian"]
[WhiteElo "800"]
[WhiteTeam "Brentwood School C"]
[Black "Jones, Theo"]
[BlackElo "985"]
[BlackTeam "Uxbridge Juniors Eagles"]
[Result "1-0"]
[PlyCount "43"]

1. d4 e6 2. Nf3 Nc6 3. e4 Nf6 4. Nc3 Be7 5. Bb5 O-O 6. O-O a6 7. Bxc6 bxc6 8. d5 exd5 9. exd5 cxd5 10. Nxd5 Nxd5 11. Qxd5 c6 12. Qh5 g6 13. Qe5 f6 14. Qc3 Rb8 15. Bh6 Rf7 16. Rfe1 Bd6 17. Re3 f5 18. Rae1 Bf8 19. Re8 Qc7 20. Rxf8+ Rxf8 21. Qb3+ Rf7 22. Re8# 1-0

[Event "Junior Online 4NCL Division 5"]
[Site "online"]
[Date "2021.03.04"]
[EventDate "2021.03.04"]
[Round "4.324"]
[White "Musgrave, Fyscher"]
[WhiteElo "750"]
[WhiteTeam "Brentwood School C"]
[Black "Ravikumar, Kavin"]
[BlackElo "700"]
[BlackTeam "Uxbridge Juniors Eagles"]
[Result "0-1"]
[PlyCount "35"]

1. e3 e5 2. Qh5 Nf6 3. Bc4 Nxh5 4. Nf3 d5 5. Bb5+ c6 6. Ba4 b5 7. Bxb5 cxb5 8. Nc3 b4 9. Nb5 Bf5 10. a3 bxa3 11. bxa3 Na6 12. Nd6+ Qxd6 13. a4 O-O-O 14. Ba3 Nb4 15. O-O-O Qc7 16. d3 e4 17. dxe4 Bxe4 18. Ng5 Qxc2# 0-1

[Event "Junior Online 4NCL Division 5"]
[Site "online"]
[Date "2021.03.04"]
[EventDate "2021.03.04"]
[Round "4.325"]
[White "Phillips, Thomas"]
[WhiteElo "865"]
[WhiteTeam "Brentwood School C"]
[Black "Boopathy, Harsheth"]
[BlackElo "954"]
[BlackTeam "Uxbridge Juniors Eagles"]
[Result "1-0"]
[PlyCount "73"]

1. e4 d5 2. exd5 Nf6 3. Bc4 b6 4. Qf3 g6 5. d6 Qxd6 6. Qxa8 Qd4 7. d3 Qd8 8. Bg5 Nfd7 9. Qd5 e6 10. Qd4 Qxg5 11. Qxh8 Qc1+ 12. Ke2 Qxb2 13. Qxb2 Ba6 14. Bxa6 Nxa6 15. Qb5 Nb8 16. Nf3 Bg7 17. Na3 Bxa1 18. Rxa1 a6 19. Qa4 h5 20. Nc4 c6 21. Nce5 Nxe5 22. Nxe5 Kd8 23. Nxc6+ Nxc6 24. Qxc6 Ke7 25. Rb1 Kf6 26. Rxb6 Kg5 27. Rxa6 Kf4 28. Qe4+ Kg5 29. Ra5+ Kf6 30. Qe5+ Ke7 31. Qg5+ Kd6 32. Ra6+ Kd7 33. Qf6 Kc7 34. Qxf7+ Kb8 35. Rd6 Kc8 36. Rd7 Kb8 37. Qf8# 1-0

[Event "Junior Online 4NCL Division 5"]
[Site "online"]
[Date "2021.03.04"]
[EventDate "2021.03.04"]
[Round "4.326"]
[White "Jones, Theo"]
[WhiteElo "985"]
[WhiteTeam "Uxbridge Juniors Eagles"]
[Black "Edinburgh, Christian"]
[BlackElo "800"]
[BlackTeam "Brentwood School C"]
[Result "0-1"]
[PlyCount "70"]

1. Nf3 d5 2. Nc3 Nc6 3. Nxd5 Qxd5 4. b3 e5 5. c4 Qd8 6. Nxe5 Nxe5 7. f4 Ng6 8. g3 Nf6 9. f5 Bxf5 10. Bb2 Qd6 11. a4 O-O-O 12. Ba3 Qa6 13. e3 Bxa3 14. Rxa3 Rhe8 15. c5 Qc6 16. Qc1 Nd7 17. Ra1 Nxc5 18. Qc3 Qd6 19. d4 Nd3+ 20. Bxd3 Bxd3 21. Kd2 Be4 22. Rhf1 Bg2 23. Rf2 Be4 24. Rc1 Rd7 25. Qc4 Kb8 26. h4 c5 27. h5 Ne7 28. d5 Bxd5 29. Kd3 Bxc4+ 30. Kxc4 Qd5+ 31. Kc3 c4 32. Rff1 Qd3+ 33. Kb2 Qd2+ 34. Kb1 cxb3 35. Rfd1 Qa2# 0-1

[Event "Junior Online 4NCL Division 5"]
[Site "online"]
[Date "2021.03.04"]
[EventDate "2021.03.04"]
[Round "4.328"]
[White "Ravikumar, Kavin"]
[WhiteElo "700"]
[WhiteTeam "Uxbridge Juniors Eagles"]
[Black "Musgrave, Fyscher"]
[BlackElo "750"]
[BlackTeam "Brentwood School C"]
[Result "1-0"]
[PlyCount "57"]

1. e4 e5 2. Nf3 c6 3. Bc4 d5 4. exd5 cxd5 5. Bb3 Nc6 6. Nc3 Nf6 7. d4 Bg4 8. h3 Bxf3 9. gxf3 Nxd4 10. Nxd5 Nxd5 11. h4 Nxf3+ 12. Qxf3 Qa5+ 13. c3 e4 14. Qf5 g6 15. Qh3 Nf4 16. Qe3 Qe5 17. O-O O-O-O 18. Bd2 Bc5 19. Qg3 Ne2+ 20. Kg2 Nxg3 21. fxg3 Rxd2+ 22. Rf2 Rxf2+ 23. Kg1 Rd8 24. Rf1 Rdd2 25. Bxf7 Rxb2 26. a4 Qxc3 27. g4 Qh3 28. Be6+ Kc7 29. g5 Qxf1# 0-1

[Event "Junior Online 4NCL Division 5"]
[Site "online"]
[Date "2021.03.04"]
[EventDate "2021.03.04"]
[Round "4.332"]
[White "Rahman, Umar"]
[WhiteElo "750"]
[WhiteTeam "Manchester Juniors G"]
[Black "Patel, Ryan"]
[BlackElo "892"]
[BlackTeam "Harrow Juniors G"]
[Result "0-1"]
[PlyCount "56"]

1. d4 d5 2. Nf3 Nc6 3. Nc3 Nf6 4. e3 Bf5 5. Bb5 Qd7 6. O-O a6 7. Bxc6 Qxc6 8. Ne5 Qb6 9. Nf3 O-O-O 10. Bd2 Re8 11. Ne5 e6 12. Nxf7 Rg8 13. Ng5 Bd6 14. Rb1 h6 15. Na4 Qc6 16. Nc3 b5 17. Re1 hxg5 18. g3 b4 19. Ne2 Bxc2 20. Qc1 b3 21. axb3 Rh8 22. Ra1 Ng4 23. h3 Rxh3 24. Kg2 Rh2+ 25. Kg1 e5 26. dxe5 Rxe5 27. Bc3 d4 28. Bxd4 Rh1# 0-1

[Event "Junior Online 4NCL Division 5"]
[Site "online"]
[Date "2021.03.04"]
[EventDate "2021.03.04"]
[Round "4.333"]
[White "Patel, Anay"]
[WhiteElo "835"]
[WhiteTeam "Harrow Juniors G"]
[Black "Turner, Rufus"]
[BlackElo "695"]
[BlackTeam "Manchester Juniors G"]
[Result "1-0"]
[PlyCount "53"]

1. e4 e5 2. Nf3 Bc5 3. Bc4 Nf6 4. Nc3 O-O 5. d3 d5 6. Nxd5 a5 7. Nc3 b5 8. Bxb5 Bg4 9. Qd2 Bh5 10. Ng1 Ng4 11. h3 Be7 12. Nf3 Nf6 13. Nxe5 Nfd7 14. Nf3 Ne5 15. Nxe5 Bg5 16. Qxg5 f6 17. Qxh5 g6 18. Qe2 fxe5 19. b3 a4 20. bxa4 h5 21. Ba3 g5 22. Qxh5 Qf6 23. Nd5 Qxf2+ 24. Kd1 Ra6 25. Bxf8 Ra5 26. Qh6 Rxb5 27. Qg7# 1-0

[Event "Junior Online 4NCL Division 5"]
[Site "online"]
[Date "2021.03.04"]
[EventDate "2021.03.04"]
[Round "4.334"]
[White "Pilditch, Erika"]
[WhiteElo "680"]
[WhiteTeam "Manchester Juniors G"]
[Black "Howes, James"]
[BlackElo "800"]
[BlackTeam "Harrow Juniors G"]
[Result "1-0"]
[PlyCount "41"]

1. e4 c6 2. d4 d5 3. e5 f6 4. exf6 gxf6 5. Nc3 e5 6. dxe5 fxe5 7. Nf3 e4 8. Bg5 Ne7 9. Bf6 Bg7 10. Bxg7 Rg8 11. Bf6 exf3 12. gxf3 d4 13. Qxd4 b6 14. Qxd8+ Kxd8 15. Bc4 b5 16. Bxg8 Ke8 17. O-O Nxg8 18. Rfe1+ Ne7 19. Rxe7+ Kf8 20. Rd1 Kg8 21. Rd8# 1-0

[Event "Junior Online 4NCL Division 5"]
[Site "online"]
[Date "2021.03.04"]
[EventDate "2021.03.04"]
[Round "4.336"]
[White "Patel, Ryan"]
[WhiteElo "892"]
[WhiteTeam "Harrow Juniors G"]
[Black "Rahman, Umar"]
[BlackElo "750"]
[BlackTeam "Manchester Juniors G"]
[Result "1-0"]
[PlyCount "27"]

1. e4 e5 2. Nf3 Nc6 3. Nc3 Nf6 4. d4 exd4 5. Nxd4 Bb4 6. Nxc6 bxc6 7. Bf4 Bxc3+ 8. bxc3 Nh5 9. Qxh5 g6 10. Qe5+ Kf8 11. Qxh8+ Ke7 12. Bg5+ Kd6 13. Qxd8 Bb7 14. Qe7# 1-0

[Event "Junior Online 4NCL Division 5"]
[Site "online"]
[Date "2021.03.04"]
[EventDate "2021.03.04"]
[Round "4.337"]
[White "Turner, Rufus"]
[WhiteElo "695"]
[WhiteTeam "Manchester Juniors G"]
[Black "Patel, Anay"]
[BlackElo "835"]
[BlackTeam "Harrow Juniors G"]
[Result "1-0"]
[PlyCount "27"]

1. e4 e5 2. Bc4 Nf6 3. Nf3 Bc5 4. O-O O-O 5. Re1 d6 6. a3 Nc6 7. b4 Bb6 8. a4 a5 9. bxa5 Bxa5 10. Nxe5 Nxe5 11. Re3 Nxc4 12. Rg3 Nxe4 13. Qg4 Nexd2 14. Qxg7# 1-0

[Event "Junior Online 4NCL Division 5"]
[Site "online"]
[Date "2021.03.04"]
[EventDate "2021.03.04"]
[Round "4.338"]
[White "Howes, James"]
[WhiteElo "800"]
[WhiteTeam "Harrow Juniors G"]
[Black "Pilditch, Erika"]
[BlackElo "680"]
[BlackTeam "Manchester Juniors G"]
[Result "1/2-1/2"]
[PlyCount "104"]

1. d4 d5 2. f3 Nc6 3. e4 dxe4 4. fxe4 Nf6 5. d5 Ne5 6. d6 exd6 7. Bb5+ c6 8. Be2 d5 9. exd5 cxd5 10. b3 Bf5 11. c4 dxc4 12. bxc4 Nxc4 13. Bxc4 Qxd1+ 14. Kxd1 O-O-O+ 15. Nd2 Ne4 16. g3 Nf2+ 17. Ke2 Nxh1 18. Bb2 Bg4+ 19. Kf1 Rxd2 20. Ke1 Rxb2 21. Bxf7 Rxh2 22. Nf3 Bxf3 23. Kf1 Nxg3+ 24. Ke1 Rh1+ 25. Kf2 Bc5+ 26. Kxf3 Rxa1 27. Kxg3 Rxa2 28. Bxa2 h5 29. Bf7 h4+ 30. Kh3 Ba3 31. Bd5 g5 32. Kg4 h3 33. Kxg5 h2 34. Kg4 h1=Q 35. Bxh1 Rxh1 36. Kg3 b5 37. Kg2 Rh8 38. Kf3 b4 39. Ke3 b3 40. Kd2 Bb4+ 41. Kc1 Rh2 42. Kb1 a5 43. Kc1 a4 44. Kb1 a3 45. Ka1 b2+ 46. Kb1 a2+ 47. Kxa2 Bc3 48. Kb1 Rh1+ 49. Kc2 b1=Q+ 50. Kxc3 Rh4 51. Kd2 Qb3 52. Kc1 Rh2 1/2-1/2

[Event "Junior Online 4NCL Division 5"]
[Site "online"]
[Date "2021.03.04"]
[EventDate "2021.03.04"]
[Round "4.341"]
[White "Block, Leo"]
[WhiteElo "837"]
[WhiteTeam "Eden Primary Knights"]
[Black "Roets, Daniel"]
[BlackElo "1008"]
[BlackTeam "Wimbledon Juniors B"]
[Result "0-1"]
[PlyCount "128"]

1. e4 d5 2. Nc3 dxe4 3. Nxe4 Qd5 4. Bd3 Bf5 5. Nf3 Bxe4 6. Bxe4 Qxe4+ 7. Qe2 Qxe2+ 8. Kxe2 Nf6 9. d4 Nc6 10. Bf4 Rc8 11. Rad1 e6 12. Ng5 Be7 13. Be5 Nxe5 14. dxe5 Ng4 15. Nf3 Rd8 16. h3 Rxd1 17. Rxd1 Nh6 18. Nd4 f6 19. Nxe6 fxe5 20. Nxg7+ Kf7 21. Nh5 Rd8 22. Re1 Bh4 23. g3 Bf6 24. g4 Bg5 25. Rg1 Rd2+ 26. Ke1 Rxc2 27. Rg3 Rxb2 28. Rf3+ Bf4 29. Rd3 Ke6 30. Rd8 Rxa2 31. Re8+ Kf7 32. Rh8 Bd2+ 33. Kf1 Ra1+ 34. Ke2 Kg6 35. Ng3 b5 36. Ne4 b4 37. Nxd2 Ra2 38. Rd8 b3 39. Kd1 b2 40. Ke1 Ra1+ 41. Ke2 Ra2 42. Rb8 Nf7 43. Kd3 c5 44. Kc3 Nd6 45. Rg8+ Kf7 46. Rb8 e4 47. Rd8 Nb5+ 48. Kc4 Na3+ 49. Kb3 c4+ 50. Kxa2 c3 51. Rd7+ Ke6 52. Rd4 cxd2 53. Rxd2 b1=Q+ 54. Kxa3 Qc1+ 55. Kb3 Qxd2 56. f4 e3 57. f5+ Kf6 58. g5+ Kxg5 59. f6 Kxf6 60. Kc4 e2 61. Kb5 e1=Q 62. Kc5 Qec1+ 63. Kb5 Qdb2+ 64. Ka6 Qca1# 0-1

[Event "Junior Online 4NCL Division 5"]
[Site "online"]
[Date "2021.03.04"]
[EventDate "2021.03.04"]
[Round "4.342"]
[White "Ali, Rayyan"]
[WhiteElo "1000"]
[WhiteTeam "Wimbledon Juniors B"]
[Black "Feldman, Joshua"]
[BlackElo "753"]
[BlackTeam "Eden Primary Knights"]
[Result "1-0"]
[PlyCount "49"]

1. b3 b6 2. Bb2 Bb7 3. Nf3 Nf6 4. d3 Bxf3 5. gxf3 g5 6. Bg2 g4 7. fxg4 Rg8 8. Bxa8 Nxg4 9. Nd2 Na6 10. Bf3 Ne5 11. e4 Rg6 12. Bxe5 Bh6 13. Bh5 Rg5 14. Bxf7+ Kxf7 15. Qf3+ Ke8 16. O-O-O Rxe5 17. Qg3 Rf5 18. Qg8+ Bf8 19. exf5 e6 20. fxe6 Qe7 21. Rde1 dxe6 22. Rxe6 Qxe6 23. Qxe6+ Be7 24. Re1 Nc5 25. Qxe7# 1-0

[Event "Junior Online 4NCL Division 5"]
[Site "online"]
[Date "2021.03.04"]
[EventDate "2021.03.04"]
[Round "4.343"]
[White "Querfurth Waterman, Maya"]
[WhiteElo "742"]
[WhiteTeam "Eden Primary Knights"]
[Black "Kou, Edward"]
[BlackElo "925"]
[BlackTeam "Wimbledon Juniors B"]
[Result "0-1"]
[PlyCount "30"]

1. e4 c6 2. Bc4 d5 3. exd5 cxd5 4. Bb5+ Nc6 5. Bxc6+ bxc6 6. Nf3 Nf6 7. O-O Bf5 8. Nd4 Bd7 9. Nxc6 Bxc6 10. d3 e5 11. c4 d4 12. Bg5 h6 13. Bxf6 Qxf6 14. a3 Qg6 15. b4 Qxg2# 0-1

[Event "Junior Online 4NCL Division 5"]
[Site "online"]
[Date "2021.03.04"]
[EventDate "2021.03.04"]
[Round "4.344"]
[White "Ali, Zayne"]
[WhiteElo "800"]
[WhiteTeam "Wimbledon Juniors B"]
[Black "Lasserson, Gabriel"]
[BlackElo "774"]
[BlackTeam "Eden Primary Knights"]
[Result "0-1"]
[PlyCount "80"]

1. Nf3 d5 2. d4 Bf5 3. Nc3 Nf6 4. Nh4 e6 5. e3 Bb4 6. Nf3 O-O 7. a3 Bd6 8. b4 Be4 9. Ng5 Bf5 10. Bb5 c6 11. Bf1 Bg4 12. f3 Bh5 13. g4 Bg6 14. Bd2 h6 15. Nh3 h5 16. Be2 hxg4 17. fxg4 Nh7 18. Rf1 Qh4+ 19. Rf2 Qxh3 20. Rb1 Bxh2 21. Rxh2 Qxh2 22. a4 Qg1+ 23. Bf1 Ng5 24. e4 Nf3+ 25. Qxf3 dxe4 26. Qd1 e3 27. Bxe3 Qg3+ 28. Bf2 Qxc3+ 29. Ke2 Bxc2 30. Qd2 Qxd2+ 31. Kxd2 Bxb1 32. Kc1 Bg6 33. b5 cxb5 34. axb5 Nd7 35. d5 exd5 36. Be3 Rac8+ 37. Kd2 Rfe8 38. Bxa7 Nc5 39. b6 Nb3+ 40. Kd1 Rc1# 0-1

[Event "Junior Online 4NCL Division 5"]
[Site "online"]
[Date "2021.03.04"]
[EventDate "2021.03.04"]
[Round "4.345"]
[White "Roets, Daniel"]
[WhiteElo "1008"]
[WhiteTeam "Wimbledon Juniors B"]
[Black "Block, Leo"]
[BlackElo "837"]
[BlackTeam "Eden Primary Knights"]
[Result "1-0"]
[PlyCount "87"]

1. e4 e5 2. Nf3 Nc6 3. Bc4 Bc5 4. d4 exd4 5. Ng5 Qe7 6. Nxf7 Ne5 7. Qd2 Nxf7 8. Bxf7+ Qxf7 9. Qf4 Qh5 10. Qe5+ Qxe5 11. O-O Qxe4 12. Bd2 Qxc2 13. Bf4 Qxb2 14. Nd2 Bd6 15. Bxd6 cxd6 16. Nc4 b5 17. Nxb2 Bb7 18. Rae1+ Ne7 19. a4 O-O-O 20. axb5 Nf5 21. Nc4 Nh4 22. f3 Rde8 23. Nxd6+ Kd8 24. Nxb7+ Kc8 25. Nd6+ Kd8 26. Nxe8 Rxe8 27. Rxe8+ Kxe8 28. Rd1 d5 29. Rxd4 Nf5 30. Rxd5 Ne7 31. Re5 g5 32. Rxg5 h6 33. Rg7 Ng8 34. Rxg8+ Kf7 35. Rc8 a6 36. bxa6 Ke7 37. a7 Kd7 38. a8=Q Kd6 39. Qc6+ Ke5 40. Qd7 Kf4 41. Re8 h5 42. Qf7+ Kg5 43. Rg8+ Kh4 44. Qf4# 1-0

[Event "Junior Online 4NCL Division 5"]
[Site "online"]
[Date "2021.03.04"]
[EventDate "2021.03.04"]
[Round "4.346"]
[White "Feldman, Joshua"]
[WhiteElo "753"]
[WhiteTeam "Eden Primary Knights"]
[Black "Ali, Rayyan"]
[BlackElo "1000"]
[BlackTeam "Wimbledon Juniors B"]
[Result "1-0"]
[PlyCount "103"]

1. b3 f6 2. Bb2 b6 3. Nf3 Bb7 4. Nd4 d6 5. e3 Nc6 6. Nxc6 Bxc6 7. Bd3 Bb7 8. O-O Qd7 9. Qe2 Qc6 10. Bb5 e5 11. Bxc6+ Bxc6 12. Nc3 Ne7 13. Qe1 a6 14. Ne2 Nd5 15. Ng3 Nb4 16. Qc1 Be7 17. Nf5 Bb5 18. Re1 g6 19. Nxe7 Kxe7 20. Bc3 Nd5 21. Bb2 Rhe8 22. e4 Nf4 23. d3 f5 24. a4 Bxd3 25. cxd3 Nxd3 26. Qd2 Nxe1 27. Qxe1 b5 28. axb5 axb5 29. Rxa8 Rxa8 30. Qb4 Rb8 31. Qa5 c6 32. Qc7+ Ke6 33. Qxb8 fxe4 34. Qe8+ Kd5 35. Qh8 h5 36. Qg8+ Kc5 37. Qxg6 d5 38. Qxh5 b4 39. Qxe5 e3 40. Qxe3+ Kd6 41. Qe5+ Kc5 42. h4 Kb5 43. h5 Kb6 44. Qe8 c5 45. h6 c4 46. bxc4 dxc4 47. Qe6+ Kb5 48. h7 c3 49. Bc1 Ka4 50. h8=Q c2 51. Qb6 b3 52. Qh4# 1-0

[Event "Junior Online 4NCL Division 5"]
[Site "online"]
[Date "2021.03.04"]
[EventDate "2021.03.04"]
[Round "4.347"]
[White "Kou, Edward"]
[WhiteElo "925"]
[WhiteTeam "Wimbledon Juniors B"]
[Black "Querfurth Waterman, Maya"]
[BlackElo "742"]
[BlackTeam "Eden Primary Knights"]
[Result "1-0"]
[PlyCount "99"]

1. e4 e5 2. Nc3 Nf6 3. Bc4 Bc5 4. Nf3 Ng4 5. h3 Nxf2 6. Bxf7+ Kxf7 7. Nxe5+ Ke6 8. Qh5 Qf8 9. Rf1 g6 10. Nxg6 hxg6 11. Qxg6+ Qf6 12. Qxf6+ Kxf6 13. Nd5+ Ke5 14. Nxc7 Nxe4 15. Nxa8 d5 16. d3 Bf2+ 17. Kd1 Rf8 18. dxe4 Bc5 19. Bf4+ Rxf4 20. Rxf4 Kxf4 21. exd5 Kg3 22. c3 Kxg2 23. h4 Be6 24. Nc7 Bxd5 25. Nxd5 Bf8 26. h5 Nc6 27. Ke2 Ne5 28. Nf4+ Kg3 29. Ng6 Bg7 30. Nxe5 Bxe5 31. h6 Kf4 32. Kd3 b5 33. Rf1+ Kg5 34. Re1 Bf6 35. h7 Kg6 36. Rh1 Kg7 37. h8=Q+ Kg6 38. Qe8+ Kf5 39. Rh5+ Kg4 40. Rxb5 Kg3 41. Qg8+ Kf4 42. Qg5+ Kf3 43. Qxf6+ Kg3 44. Qd8 Kg2 45. Rf5 a6 46. Ke3 Kg1 47. Ke2 Kh2 48. Rg5 Kh1 49. Kf2 Kh2 50. Qh8# 1-0

[Event "Junior Online 4NCL Division 5"]
[Site "online"]
[Date "2021.03.04"]
[EventDate "2021.03.04"]
[Round "4.348"]
[White "Lasserson, Gabriel"]
[WhiteElo "774"]
[WhiteTeam "Eden Primary Knights"]
[Black "Ali, Zayne"]
[BlackElo "800"]
[BlackTeam "Wimbledon Juniors B"]
[Result "0-1"]
[PlyCount "80"]

1. e4 Nc6 2. Bc4 Na5 3. Bd3 Nf6 4. Nf3 d5 5. exd5 Nxd5 6. O-O g6 7. Bb5+ c6 8. Bd3 Bf5 9. Bc4 Nxc4 10. d3 Nd6 11. c4 Nb6 12. c5 Nb5 13. cxb6 axb6 14. d4 e6 15. Nh4 Be4 16. f3 Bd5 17. Nc3 Bc4 18. Re1 Nxd4 19. Re4 c5 20. b3 Ba6 21. b4 Bd6 22. bxc5 bxc5 23. Ba3 b6 24. Qa4+ b5 25. Qd1 b4 26. Qa4+ Bb5 27. Qxb5+ Nxb5 28. Nxb5 Be7 29. Bb2 Qd7 30. Ree1 Qxb5 31. Bxh8 O-O-O 32. Rad1 Rxh8 33. Rd2 Bxh4 34. g3 Bg5 35. f4 Bf6 36. a4 Qxa4 37. Rdd1 Bc3 38. Rf1 Bd4+ 39. Kh1 Qc6+ 40. Rf3 Qxf3# 0-1

[Event "Junior Online 4NCL Division 5"]
[Site "online"]
[Date "2021.03.04"]
[EventDate "2021.03.04"]
[Round "4.351"]
[White "Carter, Olvier"]
[WhiteElo "935"]
[WhiteTeam "Surrey Kings 4"]
[Black "Jackson, Joel"]
[BlackElo "813"]
[BlackTeam "Dragon Kings 2"]
[Result "1-0"]
[PlyCount "101"]

1. e4 e5 2. Nf3 Nc6 3. Nc3 Nf6 4. Bc4 Bc5 5. d3 d6 6. O-O Bg4 7. h3 Bxf3 8. Qxf3 Nd4 9. Qd1 Qd7 10. Bg5 O-O-O 11. Bd5 Rde8 12. b3 Nxd5 13. Nxd5 f6 14. Be3 f5 15. Qd2 fxe4 16. dxe4 c6 17. Bxd4 exd4 18. Nf4 d5 19. exd5 cxd5 20. Rae1 Rxe1 21. Rxe1 Re8 22. Rxe8+ Qxe8 23. Nxd5 Qe4 24. Qg5 Qxc2 25. Ne7+ Kd7 26. b4 Bxe7 27. Qd5+ Bd6 28. Qxd4 Qxa2 29. b5 Qb1+ 30. Qd1 Qc1 31. Qxc1 a6 32. bxa6 bxa6 33. Qa1 g5 34. Qxa6 h6 35. g4 Ke6 36. Qc8+ Ke7 37. Qb7+ Ke6 38. Kg2 Bf4 39. Qc8+ Ke5 40. Qf5+ Kd4 41. Qf6+ Ke4 42. Qxh6 Ke5 43. h4 gxh4 44. Qxh4 Ke4 45. f3+ Ke5 46. g5 Bxg5 47. Qxg5+ Kd4 48. Qe7 Kd3 49. f4 Kd4 50. f5 Kd5 51. f6 1-0

[Event "Junior Online 4NCL Division 5"]
[Site "online"]
[Date "2021.03.04"]
[EventDate "2021.03.04"]
[Round "4.352"]
[White "Panesar, Gian"]
[WhiteElo "800"]
[WhiteTeam "Dragon Kings 2"]
[Black "O’Sullivan, Jack"]
[BlackElo "925"]
[BlackTeam "Surrey Kings 4"]
[Result "0-1"]
[PlyCount "54"]

1. d4 d5 2. Nf3 Nc6 3. Nc3 Nf6 4. e3 Bf5 5. Ne5 Nxe5 6. dxe5 Ne4 7. Nxe4 Bxe4 8. Bd3 e6 9. O-O Qg5 10. Bxe4 dxe4 11. f4 Qg6 12. c4 f6 13. exf6 gxf6 14. Qa4+ c6 15. Bd2 Rg8 16. g3 Qh6 17. h4 Qg6 18. Be1 Bc5 19. Qd1 Bxe3+ 20. Kg2 e5 21. fxe5 fxe5 22. g4 Bd2 23. Bxd2 O-O-O 24. h5 Qe8 25. Bb4 Rxd1 26. Raxd1 Rxg4+ 27. Kh3 Qxh5# 0-1

[Event "Junior Online 4NCL Division 5"]
[Site "online"]
[Date "2021.03.04"]
[EventDate "2021.03.04"]
[Round "4.353"]
[White "Goldhawk, Harrison"]
[WhiteElo "958"]
[WhiteTeam "Surrey Kings 4"]
[Black "Cadman, Ben"]
[BlackElo "800"]
[BlackTeam "Dragon Kings 2"]
[Result "1-0"]
[PlyCount "87"]

1. e4 e6 2. Nc3 Nf6 3. e5 Ng4 4. Qxg4 f5 5. Qd1 d5 6. Bb5+ Bd7 7. Be2 Be7 8. Bh5+ g6 9. Bf3 O-O 10. Nh3 c6 11. O-O a6 12. d4 Bb4 13. Na4 Qe7 14. Bg5 Qg7 15. Qc1 h6 16. Bxh6 Qh7 17. Bxf8 Kxf8 18. Ng5 Qh6 19. Nh3 Qxc1 20. Raxc1 c5 21. c3 c4 22. cxb4 c3 23. Nxc3 Nc6 24. Na4 Nxb4 25. Rc7 Nxa2 26. Rxd7 b5 27. Nb6 Rb8 28. Nxd5 exd5 29. Bxd5 Nc3 30. Rc1 Ne2+ 31. Kf1 Nxc1 32. Rf7+ Ke8 33. e6 Nb3 34. Bxb3 Rc8 35. Ke2 b4 36. e7 a5 37. Be6 Rc2+ 38. Kd3 Rc3+ 39. Kd2 Rb3 40. Bxb3 a4 41. Be6 f4 42. d5 b3 43. d6 a3 44. d7# 1-0

[Event "Junior Online 4NCL Division 5"]
[Site "online"]
[Date "2021.03.04"]
[EventDate "2021.03.04"]
[Round "4.354"]
[White "Prentice, William"]
[WhiteElo "800"]
[WhiteTeam "Dragon Kings 2"]
[Black "Vaz, Bryan"]
[BlackElo "850"]
[BlackTeam "Surrey Kings 4"]
[Result "0-1"]
[PlyCount "48"]

1. e4 e5 2. Nc3 Bb4 3. a3 Bxc3 4. dxc3 Nf6 5. f3 O-O 6. Bg5 d6 7. Qe2 h6 8. O-O-O hxg5 9. Nh3 g4 10. Ng5 Nc6 11. fxg4 Bxg4 12. Qxg4 Nxg4 13. Rxd6 Qxd6 14. Kb1 Qg6 15. Nxf7 Qxf7 16. Bb5 a6 17. Bxa6 Rxa6 18. Rd1 Nf2 19. Rd3 Nxd3 20. cxd3 Qf1+ 21. Ka2 Qxd3 22. Kb3 Rb6+ 23. Ka4 Qc4+ 24. b4 Ra6# 0-1

[Event "Junior Online 4NCL Division 5"]
[Site "online"]
[Date "2021.03.04"]
[EventDate "2021.03.04"]
[Round "4.355"]
[White "Jackson, Joel"]
[WhiteElo "813"]
[WhiteTeam "Dragon Kings 2"]
[Black "Carter, Olvier"]
[BlackElo "935"]
[BlackTeam "Surrey Kings 4"]
[Result "0-1"]
[PlyCount "60"]

1. d4 d5 2. Bf4 Bf5 3. e3 e6 4. Bd3 Bb4+ 5. c3 Bxd3 6. Qxd3 Bd6 7. Bxd6 Qxd6 8. Nd2 Nf6 9. Ngf3 O-O 10. O-O Ne4 11. Nxe4 dxe4 12. Qxe4 Nc6 13. Ne5 Na5 14. b4 Nc4 15. Nxc4 Qe7 16. Na5 b6 17. Nc6 Qd7 18. Ne5 Qe7 19. Nc6 Qd7 20. Ne5 Qa4 21. d5 Rae8 22. dxe6 Rxe6 23. Rfd1 Qb5 24. Nd7 Rxe4 25. Nxf8 Kxf8 26. Rd8+ Re8 27. Rxe8+ Qxe8 28. Rd1 Qa4 29. Rd8+ Ke7 30. Rh8 Qd1# 0-1

[Event "Junior Online 4NCL Division 5"]
[Site "online"]
[Date "2021.03.04"]
[EventDate "2021.03.04"]
[Round "4.356"]
[White "O’Sullivan, Jack"]
[WhiteElo "925"]
[WhiteTeam "Surrey Kings 4"]
[Black "Panesar, Gian"]
[BlackElo "800"]
[BlackTeam "Dragon Kings 2"]
[Result "0-1"]
[PlyCount "64"]

1. e4 e5 2. Nf3 Nc6 3. Nc3 Bc5 4. Bc4 Nf6 5. d3 d6 6. Bg5 Nd4 7. Nd5 Nxf3+ 8. Qxf3 Nxd5 9. Bxd5 Qxg5 10. Qxf7+ Kd8 11. O-O Bh3 12. g3 Bxf1 13. Rxf1 Bd4 14. c3 Bxc3 15. bxc3 Rc8 16. h4 Qf6 17. Qh5 g6 18. Qh6 Qf8 19. Qg5+ Qe7 20. Qg4 h6 21. Bxb7 Rb8 22. Rb1 Rg8 23. h5 g5 24. Ba6 Rxb1+ 25. Kg2 Rb8 26. c4 Rf8 27. c5 dxc5 28. a4 Qd7 29. f3 Qxg4 30. fxg4 Rb2+ 31. Kh3 Rff2 32. d4 Rh2# 0-1

[Event "Junior Online 4NCL Division 5"]
[Site "online"]
[Date "2021.03.04"]
[EventDate "2021.03.04"]
[Round "4.357"]
[White "Cadman, Ben"]
[WhiteElo "800"]
[WhiteTeam "Dragon Kings 2"]
[Black "Goldhawk, Harrison"]
[BlackElo "958"]
[BlackTeam "Surrey Kings 4"]
[Result "0-1"]
[PlyCount "102"]

1. e3 d5 2. Nf3 e6 3. Nc3 Bd6 4. Nb5 c6 5. Nbd4 Bd7 6. d3 c5 7. Bd2 cxd4 8. b3 dxe3 9. Bc3 exf2+ 10. Kxf2 Qc8 11. Ba5 b6 12. Bb4 Bxb4 13. c4 dxc4 14. bxc4 Bc3 15. Qc1 Bxa1 16. Qxa1 Ba4 17. Qxg7 Ke7 18. Qxh8 Nc6 19. Qxh7 Nd4 20. g4 Nc2 21. g5 Kf8 22. g6 fxg6 23. Qxg6 Qd8 24. Rg1 Qd6 25. Bg2 Rd8 26. Re1 e5 27. Qxd6+ Rxd6 28. Nxe5 Nxe1 29. Ng6+ Rxg6 30. Be4 Re6 31. Bg6 Nc2 32. Bf5 Rf6 33. d4 Rxf5+ 34. Kg2 Nh6 35. d5 Ng4 36. d6 Rf2+ 37. Kg3 Bc6 38. d7 Bxd7 39. c5 bxc5 40. h3 c4 41. h4 c3 42. h5 Kg7 43. Kh4 Nh2 44. Kg3 Ng4 45. Kh3 Nce3 46. Kh4 c2 47. h6+ Kxh6 48. Kg3 c1=Q 49. Kh3 Qh1+ 50. Kg3 Qg1+ 51. Kh3 Rh2# 0-1